Представление документа в формате RUSMARC

ПолеНазваниеЗначение
  Тип записи a
  Библиографический уровень a
001 Контрольный номер f418a419550245358a8a94420a5e192f
005 Дата корректировки 20260226112845.3
100 Данные общей обработки __
a Данные общей обработки 20260226 ||| 0rusy0189 ca
101 Язык документа 0_
a Язык текста rus
102 Страна публикации __
a Страна публикации RU
200 Заглавие и сведения об ответственности 1_
a Заглавие До весны не будить!
e Сведения, относящиеся к заглавию [животные впадающие в спячку: ёж, медведь, сурок, соня]
461 Уровень набора _0
1 2000
a Тошка и компания
463 Уровень физической единицы _0
1 2000
a № 1
v С. 10-11 : фот.
1 2101
d 2026
1 00199ea1965bced4729892273afb6646817
606 Тематические рубрики 0_
a Основная рубрика Экология и география животных
610 Ключевые слова 0_
a Ключевые слова спячка животных, ежи, бурые медведи, сурки, сони, зимняя спячка
686 Индексы других классификаций __
a Классификационный индекс 28.68
801 Источник записи _0
a Страна RU
b Организация УОБДЮ
c Дата составления 20260226
g Правила каталогизации RCR
801 Источник записи _1
a Страна RU
b Организация УОБДЮ
c Дата составления 20260226
g Правила каталогизации RCR
901 Тип документа __
t Тип документа b
w Контрольный № источника 99ea1965bced4729892273afb6646817
905 Данные по созданию БЗ __
b Логин пользователя, который создал БЗ ibo4
909 Создатель записи __
a Создатель записи Бобылёва И.В.
910 Корректоры записи __
a Корректор записи Бобылёва И.В.